Statistics for Game of Thrones Characters (TV Series)

Click here to take the quiz!

General Stats

  • This quiz has been taken 430 times
  • The average score is 10 of 15

Answer Stats

HintAnswer% Correct
ReekTheon Greyjoy
90%
Bastard blacksmith of RobertGendry
87%
Samwell Tarly's love interestGilly
87%
Commander of the UnsulliedGrey Worm
86%
Master of WhisperersVarys
83%
A wildling who lives north of the Wall and has many daughters/wivesCraster
72%
Arya's dancing masterSyrio Forel
70%
Sometimes called 'Mhysa'Daenerys Targaryen
68%
Margaery and Loras's fatherMace Tyrell
67%
The Lord Commander of the Night's WatchJeor Mormont
64%
Oberyn's sisterElia Martell
62%
Only daughter of Lord BallonYara Greyjoy
59%
Played by Ed Skrein in season 3 and Michiel Huisman in season 4Daario Naharis
56%
Red priest closely associated with Beric DondarrionThoros
54%
The Stallion Who Mounts the WorldRhaego
40%

Score Distribution

Percentile by Number Answered

Percent of People with Each Score

Your Score History

You have not taken this quiz